Outline of local government (Record no. 408915)

000 -LEADER
fixed length control field 00375cam a22001217a 4500
008 - FIXED-LENGTH DATA ELEMENTS--GENERAL INFORMATION
fixed length control field 180718b1970 xxu||||| |||| 00| 0 eng d
082 ## - DEWEY DECIMAL CLASSIFICATION NUMBER
Classification number B7x6982 B469
100 ## - MAIN ENTRY--PERSONAL NAME
Personal name Bhuckory, Smodath
245 ## - TITLE STATEMENT
Title Outline of local government
Statement of responsibility, etc. by Somdath Bhuckory
260 ## - PUBLICATION, DISTRIBUTION, ETC.
Place of publication, distribution, etc. Mauritius
Name of publisher, distributor, etc. The Associations Of Urban Authorities
Date of publication, distribution, etc. 1970
300 ## - PHYSICAL DESCRIPTION
Extent 125p
650 ## - SUBJECT ADDED ENTRY--TOPICAL TERM
Topical term or geographic name entry element Local government - Mauritius.
Holdings
Withdrawn status Lost status Damaged status Not for loan Permanent Location Current Location Date acquired Full call number Barcode Date last seen Price effective from Koha item type
        Indian Institute of Public Administration Indian Institute of Public Administration 2008-12-29 B7x6982 B469 D759 2018-07-21 2018-07-21 D

Powered by Koha